000
00270 a2200109 4500
000
nam a22 7a 4500
005
20260313151535.0
100
_a
Ratnoo, Saroj Dahiya
_9
1132042
245
_a
Essentials of R for data analytics
260
_b
Wiley
_c
2021
942
_c
AUD
999
_c
1715393
_d
1715393